000 01103nam0a22003131 4500
001 v19\rc\1967280
005 20251118181041.1
035 _a(NLR Aleph) 005049830
090 _a6882703
_c6882703
100 _a20080428d1914 u y0rusy50 ca
101 0 _arus
102 _aRU
105 _aa z |||||
200 1 _aПамятники славянской мифологии
_fК.В. Болсуновский
_hВып. 2
_iПерунов дуб
210 _aКиев
_cтипо-лит. "С.В. Кульженко"
_d1914
215 _a17 с.
_cил.
_d36
300 _a1-м вып. является произведение того же авт. "Жертвенник Гермеса-Световида". Киев, 1909
700 1 _aБолсуновский
_bК.В.
_f1838-
_gКарл Васильевич
801 0 _aRU
_bNLR
_gpsbo
801 0 _aRU
_bRuMoRGB
_2psbo
801 1 _aRU
_bProSoft-M
_2rusmarc
852 _aNLR
_j38.77.1.2053
899 _aRuMoRGB
_jT 54/144
899 _aБАН
899 _aГПИБ
899 _aНБ МГУ
899 _aRuMoRGB
_jV 43/7
942 _cBOOK
980 _aNB